2021 ASHRAE Handbook - Fundamentals
Saved in:
| Main Author | |
|---|---|
| Format | eBook |
| Language | English |
| Published |
American Society of Heating Refrigerating and Air-Conditioning Engineers Inc. (ASHRAE,
2021
|
| Subjects | |
| Online Access | Full text Full text |
| ISBN | 1947192892 (print) 1947192906 (print) |
| Physical Description | 1 online resource |
Cover
| LEADER | 00000cam a2200000M 4500 | ||
|---|---|---|---|
| 001 | kn-on1292200132 | ||
| 003 | OCoLC | ||
| 005 | 20240717213016.0 | ||
| 006 | m o d | ||
| 007 | cr cn||||||||| | ||
| 008 | 220114s2021 xx o 000 0 eng d | ||
| 040 | |a S3O |b swe |c S3O |d UPM |d OCLCQ |d OCLCL | ||
| 020 | |z 1947192892 (print) | ||
| 020 | |z 1947192906 (print) | ||
| 035 | |a (OCoLC)1292200132 |z (OCoLC)1292192726 |z (OCoLC)1300759241 | ||
| 100 | 0 | |a American Society of Heating Refrigerating and Air-Conditioning Engineers Inc. (ASHRAE) | |
| 245 | 1 | 0 | |a 2021 ASHRAE Handbook - Fundamentals |h [Elektronisk resurs]. |
| 264 | 1 | |b American Society of Heating Refrigerating and Air-Conditioning Engineers Inc. (ASHRAE, |c 2021 | |
| 300 | |a 1 online resource | ||
| 506 | |a Plný text je dostupný pouze z IP adres počítačů Univerzity Tomáše Bati ve Zlíně nebo vzdáleným přístupem pro zaměstnance a studenty | ||
| 590 | |a Knovel |b Knovel (All titles) | ||
| 655 | 7 | |a elektronické knihy |7 fd186907 |2 czenas | |
| 655 | 9 | |a electronic books |2 eczenas | |
| 776 | 0 | 8 | |i Print: |t 2021 ASHRAE Handbook - Fundamentals |z 1947192892 |
| 856 | 4 | 0 | |u https://proxy.k.utb.cz/login?url=https://app.knovel.com/hotlink/toc/id:kpASHRAEZ2/2021-ashrae-handbook?kpromoter=marc |y Full text |
| 856 | 4 | 0 | |u https://proxy.k.utb.cz/login?url=https://app.knovel.com/hotlink/toc/id:kpCK08G9X5/2021-ashrae-handbook?kpromoter=marc |y Full text |